1209 1124 1910 1340 1714 1993 1895 1896 1268 1341 1551 1078 1515 1048 1649 1666 1752 1124 1475 1561 1067 1268 1219 1166 1766 1315 1135 1717 1169 1057 1806 1677 1514 1218 1266 1178 1333 1295 1611 1039 1969 1695 1749 1754 1176 1737 1535 1540 1214 1038 1538 1814 1664 1423 1570 1653 1817 1642 1758 1484 1207 1916 1634 1792 1213 1329 1047 1622 1251 1986 1507 1360 1986 1890 1397 1677 1594 1347 1048 1076 1970 1013 1548 1728 1681 1621 1352 1511 1982 1080 1774 1984 1350 1597 1471 1661 1078 1457 1310 BCNSPRNW ULIB Ver.6.0+V

เปลี่ยนเป็นภาษาไทย

Change to English
 แสดงรายละเอียดบรรณานุกรม
  กลับหน้าหลัก

Brief Record : Get Marc (ISO 2709) : E-mail record : QR code < ปิดหน้าต่าง
LEADER : 00000nam 2200000uu 4500
001    13399113996
003     ULIB
008    120124s2552||||th 000 0 tha d
020    ^a9786115380107
060  4 ^aWA380^bด199ม
100 0  ^aดวงพงศ์ พงศ์สยาม
245 10 ^aมานุษยวิทยาสุขภาพ /^cดวงพงศ์ พงศ์สยาม
250    ^aพิมพ์ครั้งที่ 1
260    ^aกรุงเทพฯ :^bโอ.เอส.พริ้นติ้ง เฮ้าส์,^c2552
300    ^a[10], 309 หน้า :^bภาพประกอบ ;^c24 ซม.
650  7 ^aมานุษยวิทยา
650  7 ^aโภชนาการ
650  7 ^aสิ่งแวดล้อม
650  7 ^aสุขภาพ
650  7 ^aอนามัย
945    ^p200^l0^i16446
945    ^p200^l0^i16447
995    ^aกัณชพร
999    ^aใช้งานได้ทุกระบบ
รายการนี้ยังไม่มีแท็ก
คุณยังไม่ได้ล็อกอิน คุณสามารถมีกิจกรรมร่วมกับเว็บไซต์ได้ แต่ต้องล็อกอินก่อน ::
  ล็อกอิน

รายการสื่อสารสนเทศ

ลำดับที่ ประเภท เลขเรียก/บาร์โค้ด สถานที่ สถานะ
- ไม่พบข้อมูล -

รายการใกล้เคียง
    ผู้แต่ง [ดวงพงศ์ พงศ์สยาม]

    หัวเรื่อง [มานุษยวิทยา]
    หัวเรื่อง [โภชนาการ]
    หัวเรื่อง [สิ่งแวดล้อม]
    หัวเรื่อง [สุขภาพ]
    หัวเรื่อง [อนามัย]

BibComment


ยังไม่เคยถูกคอมเมนท์

คอมเมนท์ทรัพยากรรายการนี้
  คอมเมนท์: มานุษยวิทยาสุขภา..


 Copyright 2026. Bcnsprnw @Library